Export assistance policies and export performance of India in the 70s: a dissertation (Record no. 501264)

000 -LEADER
fixed length control field 00455cam a22001337a 4500
008 - FIXED-LENGTH DATA ELEMENTS--GENERAL INFORMATION
fixed length control field 180718b1981 xxu||||| |||| 00| 0 eng d
082 ## - DEWEY DECIMAL CLASSIFICATION NUMBER
Classification number APPPA 80-81 SAR
100 ## - MAIN ENTRY--PERSONAL NAME
Personal name Sardana, M.M.K.
245 ## - TITLE STATEMENT
Title Export assistance policies and export performance of India in the 70s: a dissertation
Statement of responsibility, etc. by M.M.K. Sardana
260 ## - PUBLICATION, DISTRIBUTION, ETC.
Place of publication, distribution, etc. New Delhi
Name of publisher, distributor, etc. Indian Institute of Public Administration
Date of publication, distribution, etc. 1981
300 ## - PHYSICAL DESCRIPTION
Extent 202p.
650 ## - SUBJECT ADDED ENTRY--TOPICAL TERM
Topical term or geographic name entry element Export performance-India
650 ## - SUBJECT ADDED ENTRY--TOPICAL TERM
Topical term or geographic name entry element Export
Holdings
Withdrawn status Lost status Damaged status Not for loan Permanent Location Current Location Date acquired Full call number Barcode Date last seen Price effective from Koha item type
        Indian Institute of Public Administration Indian Institute of Public Administration 2018-08-04 APPPA 80-81 SAR GR10656 2018-08-04 2018-08-04 GR

Powered by Koha